<?xml version="1.0" encoding="UTF-8"?>
<collection xmlns="http://www.loc.gov/MARC21/slim">
 <record>
  <leader>00618nam  2200241#c 4500</leader>
  <controlfield tag="001">UMA-7899</controlfield>
  <controlfield tag="003">UMA</controlfield>
  <controlfield tag="005">20230415    193614</controlfield>
  <controlfield tag="008">080201suuuu####sp#a#########||||#0#spa#d</controlfield>
  <datafield tag="336" ind1=" " ind2=" ">
   <subfield code="a">texto</subfield>
  </datafield>
  <datafield tag="337" ind1=" " ind2=" ">
   <subfield code="a">no mediado</subfield>
  </datafield>
  <datafield tag="338" ind1=" " ind2=" ">
   <subfield code="a">volumen</subfield>
  </datafield>
  <datafield tag="901" ind1=" " ind2=" ">
   <subfield code="a">1280e</subfield>
  </datafield>
  <datafield tag="020" ind1=" " ind2=" ">
   <subfield code="a">8477510881</subfield>
  </datafield>
  <datafield tag="080" ind1=" " ind2=" ">
   <subfield code="a">030</subfield>
  </datafield>
  <datafield tag="092" ind1=" " ind2=" ">
   <subfield code="a">REF. 030</subfield>
  </datafield>
  <datafield tag="245" ind1=" " ind2=" ">
   <subfield code="a">Enciclopedia práctica Planeta</subfield>
   <subfield code="b">volumen 4 guinea-matazón</subfield>
  </datafield>
  <datafield tag="110" ind1=" " ind2=" ">
   <subfield code="a">Planeta</subfield>
  </datafield>
  <datafield tag="650" ind1=" " ind2=" ">
   <subfield code="a">Enciclopedias y diccionarios</subfield>
  </datafield>
  <datafield tag="041" ind1=" " ind2=" ">
   <subfield code="a">spa</subfield>
  </datafield>
  <datafield tag="044" ind1=" " ind2=" ">
   <subfield code="a">sp#</subfield>
  </datafield>
  <datafield tag="300" ind1=" " ind2=" ">
   <subfield code="a">v. 4 [993-1324] p. : map. , il. , fot. col. ; 29 cm</subfield>
  </datafield>
  <datafield tag="260" ind1=" " ind2=" ">
   <subfield code="a">Barcelona</subfield>
   <subfield code="b">Planeta-De Agostini</subfield>
   <subfield code="c">1993</subfield>
  </datafield>
 </record>
</collection>
